NHL Team by Hint - Statistics

General Stats
  • This quiz has been taken 282 times
  • The average score is 19 of 30
Answer Stats
Hint Answer % Correct
Jaromir Jagr's first team Pittsburgh Penguins
92%
Canadian team with most amount of Stanley Cups Montreal Canadiens
85%
Tyler Seguin's second team Dallas Stars
83%
Steve Yzerman's team as a player Detroit Red Wings
83%
Wayne Gretzky last played for this team New York Rangers
83%
The non-original 6 team in New York City New York Islanders
82%
Won the Stanley Cup in 2011,2013,and 2015 Chicago Blackhawks
81%
This team moved from Atlanta most recently Winnipeg Jets
81%
Canadian team with least amount of Stanley Cups (not counting teams that have never won) Ottawa Senators
78%
Tyler Seguin's first team Boston Bruins
75%
Won the Stanley Cup in 2012 and 2014 Los Angeles Kings
75%
This team had four of the last five first overall picks that were forwards Edmonton Oilers
74%
Canadian team with NHL and AHL in same city Toronto Maple Leafs
73%
Zach Parise's second team Minnesota Wild
72%
Roberto Luongo's last team Florida Panthers
70%
Wayne Gretzky last Coached This Team Arizona Coyotes
68%
Roberto Luongo's second to last team Vancouver Canucks
68%
GM is Steve Yzerman Tampa Bay Lightning
63%
This team moved from Atlanta before them Calgary Flames
62%
The non-original 6 New York team not in New York City Buffalo Sabres
61%
Zach Parise's first team New Jersey Devils
61%
Jaromir Jagr's second team Washington Capitals
59%
Team that plays in the same metro area as the Rams' current NFL location but not the same city Anaheim Ducks
46%
This team had the other first overall pick that was a forward Colorado Avalanche
42%
Team that plays in the Rams' most recent former NFL location St Louis Blues
42%
Best team to miss 2016 playoffs in Metro division Carolina Hurricanes
41%
Worst team to make 2016 playoffs in Metro division Philadelphia Flyers
41%
American team with NHL and AHL in same city San Jose Sharks
32%
2016 All Star Game host Nashville Predators
27%
2015 All star game host Columbus Blue Jackets
26%
No matching quizzes found
Score Distribution
Percent of People with Each Score
Percentile by Number Answered
Your Score History
You have not taken this quiz